Introducción a la ingeniería civil (Registro nro. 965)
[ vista simple ]
| 000 -LEADER | |
|---|---|
| fixed length control field | 00894nam a2200265Ia 4500 |
| 005 - DATE AND TIME OF LATEST TRANSACTION | |
| control field | 20251020182455.0 |
| 008 - FIXED-LENGTH DATA ELEMENTS--GENERAL INFORMATION | |
| fixed length control field | 200515s9999 xx 000 0 und d |
| 020 ## - INTERNATIONAL STANDARD BOOK NUMBER | |
| International Standard Book Number | 958-600-935-1 |
| 082 ## - DEWEY DECIMAL CLASSIFICATION NUMBER | |
| Classification number | 624/S23 |
| 100 ## - MAIN ENTRY--PERSONAL NAME | |
| Personal name | Sarria Molina, Alberto |
| 245 #0 - TITLE STATEMENT | |
| Title | Introducción a la ingeniería civil |
| 260 ## - PUBLICATION, DISTRIBUTION, ETC. | |
| Place of publication, distribution, etc. | Santafé de Bogotá, D.C. |
| 260 ## - PUBLICATION, DISTRIBUTION, ETC. | |
| Name of publisher, distributor, etc. | McGraw-Hill |
| 260 ## - PUBLICATION, DISTRIBUTION, ETC. | |
| Date of publication, distribution, etc. | 1999 |
| 300 ## - PHYSICAL DESCRIPTION | |
| Extent | 271 p. |
| 300 ## - PHYSICAL DESCRIPTION | |
| Other physical details | il., col., tbl., graf., map. |
| 500 ## - GENERAL NOTE | |
| General note | 3 ejemplares |
| 520 ## - SUMMARY, ETC. | |
| Summary, etc. | Presenta de manera integral el panorama de la ingeniería civil, desde su concepción misma hasta el desempeño profesional. Analiza la relación de la profesión con la vida diaria e induce al lector en conceptos como el método científico, la relación del ing |
| 650 ## - SUBJECT ADDED ENTRY--TOPICAL TERM | |
| Topical term or geographic name entry element | ESTRUCTURAS |
| 650 ## - SUBJECT ADDED ENTRY--TOPICAL TERM | |
| Topical term or geographic name entry element | INGENIERIA CIVIL |
| 942 ## - ADDED ENTRY ELEMENTS (KOHA) | |
| Koha item type | Libros |
| Fecha de la última vez que lo usaron | Pago total | Signatura topográfica completa | Código de barras | Precio efectivo desde | Tipo de documento | Estado perdido | Estado dañado | No es para préstamo | Retirado | Ubicación permanente | Ubicación actual | Fecha de adquisición | Número de ejemplar |
|---|---|---|---|---|---|---|---|---|---|---|---|---|---|
| 15/05/2020 | 624/S23 | Bib-Lima15050965 | 15/05/2020 | Libros | Biblioteca Central Lima | Biblioteca Central Lima | 15/05/2020 | ||||||
| 15/05/2020 | 624/S23 | Bib-Lima16050965 | 15/05/2020 | Libros | Biblioteca Central Lima | Biblioteca Central Lima | 15/05/2020 | Ej.2 | |||||
| 15/05/2020 | 624/S23 | Bib-Lima17050965 | 15/05/2020 | Libros | Biblioteca Central Lima | Biblioteca Central Lima | 15/05/2020 | Ej.3 |